[Event "22nd ch-EUR Indiv 2022"]
[Site "Terme Catez SLO"]
[Date "2022.04.02"]
[Round "7.52"]
[White "Stocek, Jiri"]
[Black "Kramer, Julian"]
[Result "1/2-1/2"]
[WhiteTitle "GM"]
[BlackTitle "IM"]
[WhiteElo "2555"]
[BlackElo "2423"]
[WhiteFideId "304760"]
[BlackFideId "12921742"]
[EventDate "2022.03.27"]

1. d4 Nf6 2. c4 g6 3. Nc3 d5 4. Nf3 Bg7 5. Qb3 dxc4 6. Qxc4 O-O 7. e4 a6 8. e5
b5 9. Qb3 Nfd7 10. h4 c5 11. e6 c4 12. Qd1 Nb6 13. exf7+ Rxf7 14. h5 Bg4 15.
hxg6 hxg6 16. Be2 Nc6 17. Ng5 Bxe2 18. Qxe2 Nxd4 19. Qe4 Rf5 20. Kf1 b4 21. g4
Rf6 22. Be3 e5 23. Ne2 Qd5 24. Nxd4 Qxe4 25. Nxe4 exd4 26. Bxd4 Rf4 27. Bxg7
Kxg7 28. Nc5 Re8 29. Re1 Rxe1+ 30. Kxe1 Rxg4 31. Nxa6 c3 32. bxc3 bxc3 33. Nc5
Na4 34. Nb3 Nb2 35. Ke2 Re4+ 36. Kf3 Ra4 37. Rc1 Rxa2 38. Rxc3 Nd1 39. Rd3 Rxf2+
40. Kg3 Rb2 1/2-1/2

[Event "22nd ch-EUR Indiv 2022"]
[Site "Terme Catez SLO"]
[Date "2022.04.02"]
[Round "7.53"]
[White "Gumularz, Szymon"]
[Black "Murphy, Conor E"]
[Result "1/2-1/2"]
[WhiteTitle "GM"]
[BlackTitle "IM"]
[WhiteElo "2539"]
[BlackElo "2427"]
[WhiteFideId "1188062"]
[BlackFideId "421669"]
[EventDate "2022.03.27"]

1. d4 d5 2. c4 e6 3. Nf3 Nf6 4. g3 dxc4 5. Bg2 a6 6. O-O Nc6 7. Qd2 Bb4 8. Qc2
b5 9. Ne5 Nxe5 10. dxe5 Nd5 11. Rd1 Bd7 12. Nc3 Bxc3 13. bxc3 Qe7 14. a4 O-O 15.
a5 b4 16. cxb4 Rad8 17. Bd2 Bb5 18. Rab1 Qd7 19. Rdc1 h6 20. Qe4 f5 21. Qc2 Qf7
22. e3 Qh5 23. Be1 Ne7 24. Bf1 Nc6 25. Be2 Qh3 26. f4 Ne7 27. Bf1 Qh5 28. Be2
Qg6 29. Bxc4 Bc6 30. Qf2 Ra8 31. Rd1 Rfb8 32. Rbc1 Be4 33. Rd7 Nd5 34. Bxd5 Bxd5
35. Rdxc7 Rb7 36. Rxb7 Bxb7 37. h3 Qe8 38. Kh2 Rc8 39. Rxc8 Qxc8 40. g4 g6 41.
gxf5 gxf5 42. Qd2 Qc6 43. Qd8+ Kh7 44. Qe7+ Kh8 45. Kg3 Qh1 46. Kh4 Bf3 47. Qf8+
Kh7 48. Qf7+ Kh8 49. Qf8+ 1/2-1/2

[Event "22nd ch-EUR Indiv 2022"]
[Site "Terme Catez SLO"]
[Date "2022.04.02"]
[Round "7.54"]
[White "Muradli, Mahammad"]
[Black "Ben Ari, Yannay"]
[Result "1-0"]
[WhiteTitle "IM"]
[BlackTitle "FM"]
[WhiteElo "2537"]
[BlackElo "2417"]
[WhiteFideId "13409301"]
[BlackFideId "2815222"]
[EventDate "2022.03.27"]

1. c4 Nf6 2. Nf3 e6 3. g3 d5 4. Bg2 Be7 5. d4 O-O 6. O-O c6 7. Nc3 b6 8. Bf4 Bb7
9. Rc1 dxc4 10. Ne5 Nd5 11. Nxc4 Nxf4 12. gxf4 Qc7 13. Ne5 a6 14. e3 Nd7 15.
Nxd7 Qxd7 16. Na4 Bd8 17. Qg4 Rb8 18. b3 Ba8 19. Qe2 a5 20. Nb2 Be7 21. Nd3 Rfc8
22. Rfd1 Qe8 23. Ne5 Rc7 24. Rc2 Bf8 25. a4 Bb4 26. h4 Bf8 27. h5 Bb7 28. Qg4
Rd8 29. d5 exd5 30. Bxd5 Re7 31. Bg2 Rxd1+ 32. Qxd1 c5 33. Bxb7 Rxb7 34. Rd2 Qe7
35. Rd8 h6 36. Qd5 Rc7 37. Ng6 1-0

[Event "22nd ch-EUR Indiv 2022"]
[Site "Terme Catez SLO"]
[Date "2022.04.02"]
[Round "7.55"]
[White "Kozak, Adam"]
[Black "Damjanovic, Vuk"]
[Result "1-0"]
[WhiteTitle "GM"]
[BlackTitle "FM"]
[WhiteElo "2525"]
[BlackElo "2409"]
[WhiteFideId "753246"]
[BlackFideId "980021"]
[EventDate "2022.03.27"]

1. e4 g6 2. d4 Bg7 3. Nc3 d6 4. Be3 Nf6 5. f3 c6 6. Qd2 Nbd7 7. O-O-O b5 8. Bh6
Bxh6 9. Qxh6 e5 10. Kb1 Qe7 11. h4 Nb6 12. g4 exd4 13. Rxd4 Qe5 14. Nge2 b4 15.
Rxb4 c5 16. Rb5 Bd7 17. Nc1 Ng8 18. Qd2 Bxb5 19. Bxb5+ Kf8 20. f4 Qd4 21. Qh2 c4
22. Rd1 Qc5 23. f5 Qe5 24. Qxe5 dxe5 25. a4 a5 26. Rd6 Rb8 27. N1e2 Nh6 28. g5
Ng4 29. Ng3 Ne3 30. Rc6 Ng2 31. Nd5 Nxd5 32. exd5 h6 33. f6 Nxh4 34. Ne4 Kg8 35.
d6 Nf3 36. gxh6 Kh7 37. Bxc4 Kxh6 38. Rc7 Rhc8 39. Ba6 Rd8 40. Rxf7 Ng5 41. Nxg5
Kxg5 42. d7 Rb6 43. Bb5 Rxf6 44. Re7 Kf4 45. c4 Ke4 46. Re8 Rf8 47. Re6 Rf1+ 48.
Kc2 Rf2+ 49. Kb3 Rf3+ 50. Ka2 Kd4 51. Rd6+ Kc5 52. Rxg6 Rd3 53. Re6 R3xd7 54.
Bxd7 Rxd7 55. Rxe5+ Kxc4 56. b3+ Kb4 57. Rb5+ Kc3 58. Rc5+ Kd4 59. Rxa5 Rc7 60.
Kb2 Rg7 61. Rh5 Rb7 62. Ka3 Kc3 63. Rc5+ Kd4 64. Rc1 Rg7 65. a5 Kd5 66. Ka4 Rg3
67. b4 Rg4 68. Kb5 Rg8 69. Rd1+ Ke6 70. a6 1-0

[Event "22nd ch-EUR Indiv 2022"]
[Site "Terme Catez SLO"]
[Date "2022.04.02"]
[Round "7.56"]
[White "Roebers, Eline"]
[Black "Suleymanli, Aydin"]
[Result "0-1"]
[BlackTitle "GM"]
[WhiteElo "2331"]
[BlackElo "2525"]
[WhiteFideId "1058401"]
[BlackFideId "13413937"]
[EventDate "2022.03.27"]

1. e4 e6 2. d4 d5 3. Nc3 Nf6 4. Bg5 dxe4 5. Nxe4 Be7 6. Nxf6+ Bxf6 7. Bxf6 Qxf6
8. Nf3 O-O 9. Qd3 c5 10. O-O-O Rd8 11. Qe4 Nc6 12. Bd3 Nxd4 13. Qxh7+ Kf8 14.
Nd2 b6 15. Be4 Rb8 16. Rhe1 Ba6 17. c3 Ne2+ 18. Kc2 Nf4 19. Re3 Ke7 20. Rg3 g5
21. h4 gxh4 22. Rg4 Be2 23. Qxh4 Qxh4 24. Rxh4 Bxd1+ 25. Kxd1 Nd5 26. Rh3 Rh8
27. Rd3 Rh1+ 28. Kc2 Rd8 29. g3 Rh2 30. Rf3 Nf6 0-1

[Event "22nd ch-EUR Indiv 2022"]
[Site "Terme Catez SLO"]
[Date "2022.04.02"]
[Round "7.57"]
[White "Valsecchi, Alessio"]
[Black "Krastev, Alexander"]
[Result "1-0"]
[WhiteTitle "GM"]
[BlackTitle "FM"]
[WhiteElo "2524"]
[BlackElo "2409"]
[WhiteFideId "818860"]
[BlackFideId "12989983"]
[EventDate "2022.03.27"]

1. e4 c5 2. Nf3 e6 3. c3 d5 4. e5 d4 5. Bd3 Ne7 6. Na3 Nec6 7. Qe2 Nd7 8. O-O a6
9. Re1 g6 10. Nc4 Bg7 11. cxd4 cxd4 12. b3 O-O 13. Ba3 Re8 14. Rac1 1-0

[Event "22nd ch-EUR Indiv 2022"]
[Site "Terme Catez SLO"]
[Date "2022.04.02"]
[Round "7.58"]
[White "Budisavljevic, Luka"]
[Black "Dobrovoljc, Vid"]
[Result "1-0"]
[WhiteTitle "GM"]
[BlackTitle "FM"]
[WhiteElo "2519"]
[BlackElo "2406"]
[WhiteFideId "960047"]
[BlackFideId "14609843"]
[EventDate "2022.03.27"]

1. d4 Nf6 2. c4 e6 3. Nc3 Bb4 4. Qc2 d5 5. cxd5 exd5 6. Bg5 h6 7. Bh4 Nc6 8. e3
g5 9. Bg3 h5 10. Bb5 h4 11. Be5 Bxc3+ 12. Qxc3 Bd7 13. Bd3 O-O 14. h3 Re8 15.
Nf3 Ne4 16. Qb3 Bf5 17. Bh2 Qf6 18. Rc1 Ng3 19. Bxf5 Nxh1 20. Qd3 Nb4 21. Bh7+
Kg7 22. Qf5 Qxf5 23. Bxf5 Kf6 24. Bb1 Nc6 25. Ke2 Nxf2 26. Kxf2 Rac8 27. Rc5
Red8 28. Be5+ Nxe5 29. dxe5+ Ke6 30. Nxg5+ Ke7 31. Bf5 1-0

[Event "22nd ch-EUR Indiv 2022"]
[Site "Terme Catez SLO"]
[Date "2022.04.02"]
[Round "7.59"]
[White "Beliavsky, Alexander G"]
[Black "Golubka, Petro"]
[Result "1/2-1/2"]
[WhiteTitle "GM"]
[BlackTitle "GM"]
[WhiteElo "2518"]
[BlackElo "2401"]
[WhiteFideId "14602377"]
[BlackFideId "14114224"]
[EventDate "2022.03.27"]

1. d4 Nf6 2. c4 e6 3. Nf3 Bb4+ 4. Bd2 a5 5. g3 b6 6. Bg2 Bb7 7. O-O O-O 8. Nc3
Re8 9. Rc1 h6 10. Bf4 Bxc3 11. Rxc3 Be4 12. Be5 Na6 13. Bxf6 Qxf6 14. Ne5 Bxg2
15. Kxg2 Qe7 16. Qa4 d6 17. Nf3 Red8 18. e4 e5 19. Re1 Qe8 20. Qd1 Nb4 21. a3
Nc6 22. d5 Ne7 23. b4 axb4 24. axb4 Qa4 25. Qb1 c6 26. Rd1 c5 27. Rb3 Kf8 28. h4
Ng8 29. Rd2 Nf6 30. Rdb2 Qa1 31. Qxa1 Rxa1 32. Nd2 cxb4 33. Rxb4 Nd7 34. Kf3
Rda8 35. Ke2 g6 36. Rb1 R1a2 37. R4b2 R2a4 38. g4 Ke7 39. Rb4 Ra2 40. R4b2 1/2-1/2

[Event "22nd ch-EUR Indiv 2022"]
[Site "Terme Catez SLO"]
[Date "2022.04.02"]
[Round "7.60"]
[White "Beydullayeva, Govhar"]
[Black "Nasuta, Grzegorz"]
[Result "1/2-1/2"]
[WhiteTitle "WIM"]
[BlackTitle "GM"]
[WhiteElo "2308"]
[BlackElo "2518"]
[WhiteFideId "13413015"]
[BlackFideId "1141686"]
[EventDate "2022.03.27"]

1. d4 d5 2. c4 c6 3. Nc3 Nf6 4. Nf3 e6 5. Bg5 Nbd7 6. e3 Qa5 7. cxd5 Nxd5 8. Qd2
Bb4 9. Rc1 Nxc3 10. bxc3 Ba3 11. Rb1 b6 12. Bd3 Ba6 13. O-O Bxd3 14. Qxd3 O-O
15. c4 Rfe8 16. c5 e5 17. Nd2 exd4 18. exd4 bxc5 19. Nc4 Qa6 20. Rb3 Bb4 21. a3
Ba5 22. Nxa5 Qxa5 23. Qf5 Re6 24. Rb7 Nf6 25. Bxf6 Rxf6 26. Qxc5 Qxc5 27. dxc5
Rf5 28. Rd1 h5 29. g3 Re8 30. Kf1 a5 31. Rc7 Rxc5 32. Rdd7 Rf5 33. Rxc6 Re3 34.
Rc8+ Kh7 35. Rc5 Rxc5 36. fxe3 f6 37. Ra7 Kg6 38. Kf2 Rc2+ 39. Kf3 Rc5 1/2-1/2

[Event "22nd ch-EUR Indiv 2022"]
[Site "Terme Catez SLO"]
[Date "2022.04.02"]
[Round "7.61"]
[White "Sivuk, Vitaly"]
[Black "Salimova, Nurgyul"]
[Result "1/2-1/2"]
[WhiteTitle "GM"]
[BlackTitle "IM"]
[WhiteElo "2518"]
[BlackElo "2399"]
[WhiteFideId "14116502"]
[BlackFideId "2915138"]
[EventDate "2022.03.27"]

1. c4 Nf6 2. Nf3 e6 3. g3 d5 4. Bg2 d4 5. O-O Nc6 6. d3 Be7 7. Na3 O-O 8. Nc2 a5
9. a3 e5 10. Bg5 Nd7 11. Bxe7 Qxe7 12. e3 Nc5 13. exd4 exd4 14. Nfxd4 Nxd4 15.
Nxd4 Rd8 16. Re1 Qf8 17. Nb5 Nxd3 18. Nxc7 Nxe1 19. Qxe1 Rb8 20. Qxa5 Be6 21. c5
Bb3 22. Re1 Rd7 23. Qb6 Rc8 24. Bh3 Re7 25. Rxe7 Qxe7 26. Qxb7 Rd8 27. Qxb3 Qxc7
28. Qc2 Qe5 29. Bf1 Qe1 30. c6 Rd1 31. Qc4 Rc1 32. Qd3 g6 33. c7 Kg7 34. Qd4+
Kg8 35. Qd8+ Kg7 36. Qd4+ Kg8 37. Qd8+ Kg7 38. Qd4+ 1/2-1/2

[Event "22nd ch-EUR Indiv 2022"]
[Site "Terme Catez SLO"]
[Date "2022.04.02"]
[Round "7.62"]
[White "Blohberger, Felix"]
[Black "Koelle, Tobias"]
[Result "1-0"]
[WhiteTitle "GM"]
[BlackTitle "FM"]
[WhiteElo "2504"]
[BlackElo "2378"]
[WhiteFideId "1632051"]
[BlackFideId "16207378"]
[EventDate "2022.03.27"]

1. Nf3 d5 2. g3 Bg4 3. Bg2 e6 4. O-O Nf6 5. h3 Bh5 6. c4 c6 7. d4 Be7 8. Nc3 O-O
9. Qb3 Qb6 10. g4 Bg6 11. Ne5 Qxb3 12. axb3 Bc2 13. c5 Bxb3 14. Bf4 Nfd7 15. Ra3
Bc2 16. Rc1 Bg6 17. Nxg6 hxg6 18. b4 b5 19. e4 a5 20. exd5 exd5 21. Nxd5 cxd5
22. Bxd5 Ra7 23. Rxa5 Rxa5 24. bxa5 Bd8 25. Bd6 Re8 26. a6 Nxa6 27. Bc6 Bg5 28.
Bxd7 Rd8 29. f4 Bf6 30. Bxb5 Bxd4+ 31. Kf1 Be3 32. Rc3 Nxc5 33. Bxc5 Bxf4 34.
Be2 g5 35. Bf2 g6 36. Rc2 Kg7 37. Kg2 f5 38. Ra2 Kh6 39. Ra6 Rd2 40. Kf3 Kg7 41.
Ra7+ Kh6 42. Bc5 Rd8 43. Rf7 Bd6 44. Bd4 Bf8 45. Be3 f4 46. Bb6 Rb8 47. Bd4 Rb4
48. Bf6 Rb3+ 49. Kg2 Rg3+ 50. Kh2 Ba3 51. h4 gxh4 52. Bxh4 Re3 53. g5# 1-0

[Event "22nd ch-EUR Indiv 2022"]
[Site "Terme Catez SLO"]
[Date "2022.04.02"]
[Round "7.63"]
[White "Druska, Juraj"]
[Black "Wachinger, Nikolas"]
[Result "1-0"]
[WhiteTitle "IM"]
[WhiteElo "2503"]
[BlackElo "2376"]
[WhiteFideId "14915650"]
[BlackFideId "12962791"]
[EventDate "2022.03.27"]

1. b3 d5 2. Bb2 Nf6 3. Nf3 g6 4. d4 Bg7 5. e3 O-O 6. Bd3 Nbd7 7. O-O e5 8. dxe5
Ng4 9. Qc1 Ndxe5 10. Nbd2 Nxd3 11. cxd3 Nf6 12. Be5 Bf5 13. Qc3 c6 14. b4 a5 15.
a3 a4 16. Rfd1 Qe7 17. h3 Rfc8 18. Rac1 b6 19. Bd4 Rab8 20. Nf1 Ne8 21. Ng3 Bd7
22. Bxg7 Nxg7 23. e4 Ne6 24. exd5 Nf4 25. Re1 Qd8 26. d6 Nd5 27. Qd4 Qf8 28. Ne4
Re8 29. b5 f5 30. bxc6 Be6 31. d7 Red8 32. Neg5 1-0

[Event "22nd ch-EUR Indiv 2022"]
[Site "Terme Catez SLO"]
[Date "2022.04.02"]
[Round "7.64"]
[White "Prokofiev, Valentyn"]
[Black "Gharibyan, Mamikon"]
[Result "1/2-1/2"]
[BlackTitle "IM"]
[WhiteElo "2287"]
[BlackElo "2479"]
[WhiteFideId "14160161"]
[BlackFideId "13308300"]
[EventDate "2022.03.27"]

1. e4 c5 2. Nf3 Nc6 3. Bb5 e6 4. Bxc6 bxc6 5. d3 Ne7 6. Qe2 Ng6 7. h4 h5 8. e5
f6 9. Qe4 Ne7 10. Na3 d6 11. exd6 Qxd6 12. Nc4 Qd5 13. b3 e5 14. Ne3 Qe6 15. Bb2
Nd5 16. O-O-O Be7 17. Rde1 Bd7 18. Nd2 Rb8 19. g3 O-O 20. f4 Qf7 21. fxe5 f5 22.
Qf3 Be6 23. Ref1 f4 24. gxf4 Nxf4 25. Kb1 Qg6 26. Rfg1 Qh6 27. Qxc6 Ne2 28. Re1
Nd4 29. Qg2 Kh8 30. Bc1 a5 31. Nd5 Bd8 32. Ne4 Qh7 33. Ndc3 Bg4 34. Qh2 Nf3 35.
Qg3 Nxe1 36. Qxe1 c4 37. dxc4 a4 38. Kb2 Ba5 39. Bd2 a3+ 40. Kxa3 Bf3 41. Rf1
Bxe4 42. Rxf8+ Rxf8 43. Qxe4 Qxe4 44. Nxe4 Bxd2 45. Nxd2 g5 46. hxg5 h4 47. c5
h3 48. Ne4 h2 49. Ng3 Kg7 50. Kb4 Kg6 51. c6 Kxg5 52. Kc5 Kf4 53. Nh1 Kf3 54. e6
Kg2 55. e7 Rh8 56. Kd6 Kxh1 57. Kd7 Kg2 58. e8=Q Rxe8 59. Kxe8 h1=Q 60. c7 Qe1+
61. Kd7 Qd2+ 62. Kc8 Qxc2 63. Kb8 Qxa2 64. c8=Q Qxb3+ 65. Qb7+ Qxb7+ 66. Kxb7 1/2-1/2

[Event "22nd ch-EUR Indiv 2022"]
[Site "Terme Catez SLO"]
[Date "2022.04.02"]
[Round "7.65"]
[White "Dudin, Gleb"]
[Black "O'Gorman, Tom"]
[Result "1-0"]
[WhiteTitle "IM"]
[BlackTitle "FM"]
[WhiteElo "2477"]
[BlackElo "2357"]
[WhiteFideId "34184934"]
[BlackFideId "2508249"]
[EventDate "2022.03.27"]

1. d4 Nf6 2. Nf3 g6 3. Nbd2 Bg7 4. e4 d6 5. Bd3 O-O 6. O-O Nc6 7. Re1 e5 8. c3
a5 9. a4 Nh5 10. Nb3 Bg4 11. Be2 h6 12. Be3 Re8 13. h3 Bc8 14. Nfd2 Nf4 15. Bxf4
exf4 16. Nc1 f5 17. Nd3 g5 18. Bf3 Kh8 19. Qb3 g4 20. Bd1 Qg5 21. h4 Qxh4 22.
Nxf4 Qg5 23. g3 Nd8 24. Bc2 Be6 25. exf5 Bxb3 26. Rxe8+ Kh7 27. Nxb3 Bf6 28.
Rae1 h5 29. Nd2 d5 30. Nxd5 Qxd2 31. Nxf6+ Kh6 32. Rh8+ Kg7 33. Rg8+ Kxf6 34.
Rg6+ Kf7 35. Bb3+ Ne6 36. Rexe6 Qxb2 37. Ref6+ Ke8 38. Rg8+ Ke7 39. Rf7+ 1-0

[Event "22nd ch-EUR Indiv 2022"]
[Site "Terme Catez SLO"]
[Date "2022.04.02"]
[Round "7.66"]
[White "Livaic, Leon"]
[Black "Aizenberg, Benny"]
[Result "1-0"]
[WhiteTitle "IM"]
[BlackTitle "FM"]
[WhiteElo "2563"]
[BlackElo "2297"]
[WhiteFideId "14531534"]
[BlackFideId "2821125"]
[EventDate "2022.03.27"]

1. Nf3 c5 2. b3 d6 3. c4 e5 4. Nc3 f5 5. d3 Nf6 6. g3 Be7 7. Bg2 O-O 8. O-O Nc6
9. a3 h6 10. Rb1 a5 11. Ne1 Be6 12. Nd5 Rb8 13. Nc2 Qd7 14. b4 cxb4 15. axb4 b5
16. Nxe7+ Nxe7 17. bxa5 bxc4 18. Rxb8 Rxb8 19. dxc4 Bxc4 20. Ba3 Ned5 21. Qd2
Rb3 22. Ra1 Nc3 23. Ne3 Qb5 24. Nxc4 Qxc4 25. Bf1 Nfe4 26. Qc2 Rb7 27. e3 Qd5
28. a6 Rc7 29. Bb4 Qa8 30. Bxc3 Rxc3 31. Qa2+ Kh8 32. Bg2 d5 33. Qb2 d4 34. exd4
exd4 35. a7 Kh7 36. Qb8 Rc8 37. Qxc8 Qxc8 38. a8=Q Qc2 39. Qa2 Qc3 40. Bxe4 fxe4
41. Rd1 e3 42. fxe3 dxe3 43. Qb1+ Kg8 44. Rd8+ 1-0

[Event "22nd ch-EUR Indiv 2022"]
[Site "Terme Catez SLO"]
[Date "2022.04.02"]
[Round "7.67"]
[White "Juksta, Karolis"]
[Black "Baklan, Vladimir"]
[Result "0-1"]
[WhiteTitle "FM"]
[BlackTitle "GM"]
[WhiteElo "2378"]
[BlackElo "2591"]
[WhiteFideId "12809039"]
[BlackFideId "14102196"]
[EventDate "2022.03.27"]

1. d4 Nf6 2. c4 g6 3. Nc3 Bg7 4. e4 d6 5. Be2 O-O 6. Be3 Na6 7. Nf3 c6 8. O-O e5
9. Re1 Re8 10. Qc2 Ng4 11. Bg5 Qc7 12. dxe5 Nxe5 13. Rad1 Nxf3+ 14. Bxf3 Nc5 15.
h4 a5 16. h5 a4 17. g3 Be6 18. Ne2 Qa5 19. Bf4 Red8 20. h6 Be5 21. Rd2 a3 22.
bxa3 Qxa3 23. Bg2 Qa4 24. Qc1 Bxc4 25. Red1 Re8 26. Bxe5 dxe5 27. Nc3 Qa3 28.
Qc2 b5 29. Nb1 Qxa2 30. Qc1 Nb3 31. Rxa2 Nxc1 32. Rxa8 Ne2+ 33. Kh2 Rxa8 34. Bf1
Kf8 35. Kg2 Ke7 0-1

[Event "22nd ch-EUR Indiv 2022"]
[Site "Terme Catez SLO"]
[Date "2022.04.02"]
[Round "7.68"]
[White "Thybo, Jesper Sondergaard"]
[Black "Spalir, Jernej"]
[Result "1/2-1/2"]
[WhiteTitle "GM"]
[BlackTitle "IM"]
[WhiteElo "2590"]
[BlackElo "2373"]
[WhiteFideId "1438832"]
[BlackFideId "14606518"]
[EventDate "2022.03.27"]

1. d4 d5 2. c4 c6 3. Nf3 Nf6 4. e3 e6 5. b3 Nbd7 6. Nbd2 Bd6 7. Bb2 O-O 8. Bd3
b6 9. O-O Bb7 10. Qe2 c5 11. cxd5 exd5 12. Ba6 Qc8 13. Bxb7 Qxb7 14. Rfd1 Rfd8
15. Rac1 Bf8 16. h3 a5 17. a4 Rdb8 18. Nb1 Ne4 19. Na3 Rd8 20. Nb5 Rac8 21. Qe1
Qa8 22. Qf1 h6 23. Qe2 Qb7 24. Qd3 Qa8 25. Nh4 cxd4 26. Bxd4 Rxc1 27. Rxc1 Ndc5
28. Qc2 Qc8 29. Nf3 Qe6 30. Ne5 Be7 31. Nf3 Bf6 32. Rd1 Bxd4 33. Nfxd4 Qf6 34.
Qe2 g6 35. Qf3 Qxf3 36. gxf3 Ng5 37. h4 Nge6 38. Nc6 Rd7 39. Rxd5 Rxd5 40. Ne7+
Kf8 41. Nxd5 Nxb3 42. Nxb6 h5 43. Kg2 Ke7 44. Kg3 Ng7 45. e4 Ne6 46. f4 Nec5 47.
f3 Nd3 48. Nd5+ Ke6 49. Ne3 Nb2 50. f5+ Ke5 51. fxg6 fxg6 52. Nd5 1/2-1/2

[Event "22nd ch-EUR Indiv 2022"]
[Site "Terme Catez SLO"]
[Date "2022.04.02"]
[Round "7.69"]
[White "Szwed, Jacek"]
[Black "Stevic, Hrvoje"]
[Result "1/2-1/2"]
[WhiteTitle "FM"]
[BlackTitle "GM"]
[WhiteElo "2357"]
[BlackElo "2587"]
[WhiteFideId "1126431"]
[BlackFideId "14502569"]
[EventDate "2022.03.27"]

1. e4 e5 2. Nf3 Nc6 3. Nc3 Nf6 4. d4 exd4 5. Nxd4 Bb4 6. Nxc6 bxc6 7. Bd3 O-O 8.
O-O d5 9. exd5 cxd5 10. Bg5 Be6 11. Qf3 Be7 12. h3 h6 13. Bf4 c5 14. Rad1 Bd6
15. Ne2 Re8 16. Rfe1 Rb8 17. b3 Rb6 18. Bxd6 Rxd6 19. Nf4 Bd7 20. Kf1 Bc6 21.
Rxe8+ Qxe8 22. Re1 Qc8 23. Qe2 c4 24. bxc4 dxc4 25. Bxc4 Rd4 26. Ng6 Bxg2+ 27.
Kxg2 Qxc4 28. Qe8+ Kh7 29. Nf8+ Kg8 30. Ng6+ Nxe8 31. Rxe8+ Kh7 32. Nf8+ Kg8 33.
Ng6+ Kh7 34. Nf8+ 1/2-1/2

[Event "22nd ch-EUR Indiv 2022"]
[Site "Terme Catez SLO"]
[Date "2022.04.02"]
[Round "7.70"]
[White "Pultinevicius, Paulius"]
[Black "Ceres, Dragos"]
[Result "1-0"]
[WhiteTitle "GM"]
[BlackTitle "FM"]
[WhiteElo "2546"]
[BlackElo "2385"]
[WhiteFideId "12809390"]
[BlackFideId "13905864"]
[EventDate "2022.03.27"]

1. c4 e6 2. Nc3 d5 3. d4 Nf6 4. Bg5 Nbd7 5. Nf3 Be7 6. e3 O-O 7. Qc2 a6 8. cxd5
exd5 9. Bd3 h6 10. Bf4 c6 11. h3 Re8 12. O-O Nf8 13. Rab1 Ne6 14. Be5 Bd6 15.
Bxd6 Qxd6 16. b4 Ng5 17. Ne5 Qe7 18. f4 Nge4 19. Bxe4 Nxe4 20. Nxe4 dxe4 21. f5
f6 22. Nc4 Qc7 23. Rf4 Bd7 24. Rbf1 Re7 25. a3 Be8 26. Nd2 Bf7 27. Rxe4 Rxe4 28.
Nxe4 Re8 29. Re1 a5 30. Nc3 axb4 31. axb4 Qd6 32. Qb2 Ra8 33. Rd1 Qg3 34. Qf2
Qd6 35. Rb1 Ra3 36. Qe1 Kh7 37. Qc1 Ra8 38. Qb2 Re8 39. Qf2 Ra8 40. Qd2 Ra3 41.
b5 Qg3 42. Qc1 Ra5 43. bxc6 bxc6 44. Rb7 Rxf5 45. Ne4 Qh4 46. Qxc6 Bd5 47. Qd7
Bxb7 48. Qxf5+ Kh8 49. Nc5 Qe1+ 50. Kh2 Qxe3 51. Nxb7 Qxd4 52. Qc8+ Kh7 53. Qc2+
Kg8 54. Qc7 Kh7 55. Nc5 f5 56. Ne6 Qf6 57. Qd6 Kg8 58. Qd8+ Qxd8 59. Nxd8 g5 60.
Kg3 Kg7 61. Kf3 Kf6 62. Ke3 Ke7 63. Nc6+ Kd6 64. Nd4 Ke5 65. Nf3+ Kf6 66. Kd4
Ke6 67. g3 Kf6 68. Kd5 f4 69. g4 Kg6 70. Ke6 Kg7 71. Ne5 1-0

[Event "22nd ch-EUR Indiv 2022"]
[Site "Terme Catez SLO"]
[Date "2022.04.02"]
[Round "7.71"]
[White "Halkias, Stelios"]
[Black "Giannoulakis, Lampros"]
[Result "1-0"]
[WhiteTitle "GM"]
[BlackTitle "FM"]
[WhiteElo "2527"]
[BlackElo "2362"]
[WhiteFideId "4201809"]
[BlackFideId "4247019"]
[EventDate "2022.03.27"]

1. Nf3 Nf6 2. d4 g6 3. c4 Bg7 4. g3 O-O 5. Bg2 d6 6. O-O Nbd7 7. Nc3 e5 8. e4 c6
9. Be3 Re8 10. d5 c5 11. h3 Rf8 12. Kh1 Ne8 13. g4 Ndf6 14. Rg1 Bd7 15. Bf1 a6
16. Qc2 Nc7 17. Be2 h5 18. Ng5 h4 19. Nf3 Nh7 20. Qd2 b5 21. b3 b4 22. Na4 Ne8
23. g5 f5 24. gxf6 Nexf6 25. Qd3 Nh5 26. Rxg6 Bxa4 27. bxa4 Ra7 28. Rag1 Raf7
29. Nh2 Nf4 30. Bxf4 exf4 31. Bg4 Kh8 32. Be6 Ra7 33. Qf3 Nf6 34. Ng4 Nh5 35.
Ne5 Nf6 36. Nc6 1-0

[Event "22nd ch-EUR Indiv 2022"]
[Site "Terme Catez SLO"]
[Date "2022.04.02"]
[Round "7.72"]
[White "Unuk, Laura"]
[Black "Noe, Christopher"]
[Result "0-1"]
[WhiteTitle "IM"]
[BlackTitle "IM"]
[WhiteElo "2346"]
[BlackElo "2515"]
[WhiteFideId "14609215"]
[BlackFideId "24692018"]
[EventDate "2022.03.27"]

1. d4 Nf6 2. c4 e6 3. Nf3 c5 4. d5 b5 5. dxe6 fxe6 6. cxb5 d5 7. e3 Bd6 8. b3
O-O 9. Bb2 Nbd7 10. Nbd2 Bb7 11. Bd3 Kh8 12. Qc2 e5 13. e4 c4 14. bxc4 dxe4 15.
Nxe4 Nxe4 16. Bxe4 Bxe4 17. Qxe4 Qa5+ 18. Kf1 Rac8 19. Rd1 Qb4 20. Qe2 e4 21.
Qxe4 Qxb2 22. Rxd6 Rce8 23. Qd3 Ne5 24. Qb3 Qc1+ 25. Rd1 Qf4 26. h4 Ng4 27. h5
h6 28. c5 Qe4 29. Qd3 Qe7 30. Qc2 Rf5 31. c6 Rc5 32. Qd2 Rd5 33. Qc2 Qc5 0-1

[Event "22nd ch-EUR Indiv 2022"]
[Site "Terme Catez SLO"]
[Date "2022.04.02"]
[Round "7.73"]
[White "Zelcic, Robert"]
[Black "Kenneskog, Theodor"]
[Result "1-0"]
[WhiteTitle "GM"]
[BlackTitle "FM"]
[WhiteElo "2513"]
[BlackElo "2354"]
[WhiteFideId "14500310"]
[BlackFideId "1715011"]
[EventDate "2022.03.27"]

1. e4 c5 2. Nf3 d6 3. d4 cxd4 4. Qxd4 Nc6 5. Bb5 Bd7 6. Qd3 g6 7. Nc3 Bg7 8. Bg5
Nf6 9. O-O-O a6 10. Bxc6 Bxc6 11. Nd4 Qa5 12. h4 Rc8 13. Kb1 O-O 14. f3 h6 15.
Be3 Nd7 16. h5 Ne5 17. Qe2 g5 18. Nf5 Bf6 19. f4 gxf4 20. Bxf4 Kh7 21. Rh3 Qb4
22. Bxe5 dxe5 23. a3 Qc5 24. Rf3 Bg5 25. Rdf1 e6 26. Ne3 f5 27. Ned1 Rcd8 28.
Nf2 Rd2 29. Qe1 Rfd8 30. Nd3 Qd4 31. Rg3 Bf4 32. Rg6 fxe4 33. Nxf4 exf4 34. Qh4
Qd6 35. Qf6 Qf8 36. Rxf4 Qxf6 37. Rfxf6 R8d7 38. Rxh6+ Kg8 39. Rhg6+ Rg7 40.
Rxg7+ Kxg7 41. Rg6+ Kf7 42. Rg3 Rf2 43. Kc1 e3 44. Rxe3 Rxg2 45. Rh3 Kg7 46. b4
Kh6 47. Re3 Kxh5 48. Rxe6 Kg5 49. Ne2 Rg4 50. Kd2 Kf5 51. Re3 Bb5 52. Kc3 Rc4+
53. Kb3 Rg4 54. a4 Bc6 55. a5 Bd5+ 56. Ka3 Kf6 57. Nc3 Bc6 58. Na4 Re4 59. Rh3
Re2 60. Kb3 Re7 61. c4 Ke6 62. Nc3 Kd6 63. b5 axb5 64. cxb5 Bd5+ 65. Kb4 Be6 66.
Rd3+ Kc7 67. Re3 Re8 68. b6+ Kc6 69. Nb5 Bf7 70. Rc3+ Kd7 71. Rc7+ Ke6 72. Rxf7 1-0